The least developed countries report 2020 : Overview : productive capacities for the new decade (Record no. 80680)

MARC details
000 -LEADER
fixed length control field 00947nam a2200169 a 4500
008 - FIXED-LENGTH DATA ELEMENTS--GENERAL INFORMATION
fixed length control field 210301s2020 ||||||||||||||||| || u
050 ## - LIBRARY OF CONGRESS CALL NUMBER
Classification number UNCTAD(058)LDCRO/2020
110 ## - MAIN ENTRY--CORPORATE NAME
Corporate name or jurisdiction name as entry element United Nations Conference on Trade and Development (UNCTAD)
245 14 - TITLE STATEMENT
Title The least developed countries report 2020 : Overview : productive capacities for the new decade
Statement of responsibility, etc. By United Nations Conference on Trade and Development(UNCTAD)
260 ## - PUBLICATION, DISTRIBUTION, ETC.
Place of publication, distribution, etc. Geneva
Name of publisher, distributor, etc. UNITED NATIONS
Date of publication, distribution, etc. 2020
300 ## - PHYSICAL DESCRIPTION
Extent 22 pages
650 ## - SUBJECT ADDED ENTRY--TOPICAL TERM
Topical term or geographic name entry element ECONOMIC INDICATORS--DEVELOPING COUNTRIES
650 #0 - SUBJECT ADDED ENTRY--TOPICAL TERM
Topical term or geographic name entry element DEVELOPING COUNTRIES--ECONOMIC CONDITIONS
650 ## - SUBJECT ADDED ENTRY--TOPICAL TERM
Topical term or geographic name entry element SOCIAL INDICATORS--DEVELOPING COUNTRIES
995 ## -
-- SPECIAL COLLECTIONS
-- 4461
-- CBU-MAIN LIBRARY (Kitwe)
-- UNCTAD(058)LDCRO/2020A
-- 1
-- AVAILABLE
-- Jun 7, 2021
-- B4461
-- International Publications
995 ## -
-- SPECIAL COLLECTIONS
-- 4462
-- CBU-MAIN LIBRARY (Kitwe)
-- UNCTAD(058)LDCRO/2020B
-- 2
-- AVAILABLE
-- Jun 7, 2021
-- B4462
-- International Publications
999 ## -
-- 80680
-- 80680

No items available.